中国航空公司 Chinese airlines - Statistics

General Stats
  • This quiz has been taken 15 times
  • The average score is 23 of 76
Answer Stats
Answer % Correct
中国国际航空
100%
国航
77%
中国南方航空
77%
中国东方航空
77%
CA/CCA
77%
南方
69%
东方
69%
海南航空
69%
CZ/CSN
69%
MU/CES
62%
海南
54%
四川航空
54%
厦门航空
54%
山东航空
54%
春秋航空
54%
HU/CHH
54%
深圳航空
46%
山东
46%
春秋
46%
深圳
38%
四川
38%
白鹭
38%
九元航空
38%
国泰航空
38%
3U/CSC
38%
MF/CXA
38%
吉祥航空
31%
吉祥
31%
中国联合航空
31%
联航
31%
祥鹏航空
31%
西藏航空
31%
中华航空
31%
长荣航空
31%
澳门航空
31%
9C/CQH
31%
CX/CPA
31%
HO/DKH
31%
上海航空
23%
上航
23%
成都航空
23%
华夏航空
23%
祥鹏
23%
西藏
23%
华航
23%
长荣
23%
SC/CDG
23%
ZH/CSZ
23%
首都航空
15%
浙江长龙航空
15%
华夏
15%
幸福航空
15%
幸福
15%
青岛航空
15%
CI/CAL
15%
FM/CSH
15%
TV/TBA
15%
天津航空
8%
胶澳
8%
8L/LKE
8%
BR/EVA
8%
EU/UEA
8%
G5/HXA
8%
GJ/CDC
8%
KN/CUA
8%
NX/AMU
8%
QW/QDA
8%
渤海
0%
神鹿
0%
锦绣
0%
华龙
0%
如意
0%
AQ/JYH
0%
GS/DCR
0%
JD/CBJ
0%
JR/JOY
0%
No matching quizzes found
Score Distribution
Percent of People with Each Score
Percentile by Number Answered
Your Score History
You have not taken this quiz